=LDR 00000nam 2200000 4500 =001 INLIS000000000006021 =005 20130612094208 =008 ***********************************Ind** =035 ##$$0010-061300000006021 =041 ##$$a Ind =082 ##$$a 297.217 =090 ##$$a 297.217, Jak f =100 ##$$a Jakasuria, Isa O =245 ##$$a Fondamen keyakinan seseorang muslim, K.H. Isa O Djakasuria =260 ##$$a 1980 $b Jakarta =300 ##$$a xi, 431 hlm., 21 cm =650 ##$$a Islam-Keyakinan =850 ##$$a NBPNMAT